ნორმალური ფორმატი
MARC ფორმატი
ჩანაწერი Personal Name
ჩანაწერთა რაოდენობა, რომელიც გამოყენებულია: 3
001 - CONTROL NUMBER
- control field: 15796
003 - CONTROL NUMBER IDENTIFIER
- control field: GE_BSU
005 - DATE AND TIME OF LATEST TRANSACTION
- control field: 20221114145733.0
008 - FIXED-LENGTH DATA ELEMENTS
- fixed length control field: 221114|| aca||aabn | a|a d
040 ## - CATALOGING SOURCE
- Original cataloging agency: GE_BSU
- Transcribing agency: GE_BSU
100 ## - HEADING--PERSONAL NAME
- Personal name: Green, Michael R.
- Fuller form of name: (Michael Richard),
- Dates associated with a name: 1954-
670 ## - SOURCE DATA FOUND
- Source citation: Work cat.: (GE_BSU)0: Green, Michael R. (Michael Richard), 1954-, Molecular cloning :, c2012.
